Lo que oculta la Iglesia (Record no. 17844)

MARC details
000 -LEADER
campo de control de longitud fija 00763nam a2200241 i 4500
001 - NÚMERO DE CONTROL
campo de control 17844
003 - IDENTIFICADOR DE NÚMERO DE CONTROL
campo de control ES-MaACL
005 - FECHA Y HORA DE LA ÚLTIMA TRANSACCIÓN
campo de control 20250806063120.0
007 - CAMPO FIJO DE DESCRIPCIÓN FÍSICA--INFORMACIÓN GENERAL
campo de control de longitud fija t|
008 - DATOS DE LONGITUD FIJA--INFORMACIÓN GENERAL
campo de control de longitud fija 010605s2001 sp ||||1| spa d
020 ## - NÚMERO INTERNACIONAL ESTÁNDAR DEL LIBRO
Número Internacional Estándar del Libro 84-95481-20-0
080 ## - NÚMERO DE LA CLASIFICACIÓN DECIMAL UNIVERSAL
Número de la Clasificación Decimal Universal 239
100 ## - ENTRADA PRINCIPAL--NOMBRE DE PERSONA
Nombre de persona Orbaneja, Fernando de,
Fechas asociadas al nombre 1924-
9 (RLIN) 239660
245 10 - MENCIÓN DEL TÍTULO
Título Lo que oculta la Iglesia
Resto del título : el Credo a examen /
Mención de responsabilidad, etc. Fernando de Orbaneja ; prólogo de Gonzalo Puente Ojea.
260 ## - PUBLICACIÓN, DISTRIBUCIÓN, ETC.
Lugar de publicación, distribución, etc. Madrid :
Nombre del editor, distribuidor, etc. Brand,
Fecha de publicación, distribución, etc. [2001]
300 ## - DESCRIPCIÓN FÍSICA
Extensión 271 p. ;
Dimensiones 21 cm.
490 1# - MENCIÓN DE SERIE
Mención de serie Cajón de sastre
650 14 - PUNTO DE ACCESO ADICIONAL DE MATERIA--TÉRMINO DE MATERIA
Término de materia o nombre geográfico como elemento de entrada Cristianismo-
Subdivisión de forma Obras de controversia.
9 (RLIN) 11431
700 1# - ENTRADA AGREGADA--NOMBRE PERSONAL
Nombre de persona Puente Ojea, Gonzalo.
9 (RLIN) 94161
830 0# - PUNTO DE ACCESO ADICIONAL DE SERIE-TÍTULO UNIFORME
Título uniforme Cajón de sastre
9 (RLIN) 228749
852 ## - LOCALIZACIÓN
Ubicación ES-MaACL
Número de control de estantería L-24648
Sublocalización o colección R.129859
Holdings
Estatus retirado Estado de pérdida Estado de daño No para préstamo Biblioteca de origen Biblioteca actual Ubicación en estantería Fecha de adquisición Fuente de adquisición Total de préstamos Signatura topográfica completa Código de barras Visto por última vez Precio de reemplazo Tipo de ítem Koha
        Biblioteca del Ateneo de Madrid Biblioteca del Ateneo de Madrid Depósito 2 17/01/2008     L-24648 1018224 23/02/2023 23/02/2023 Libro impreso